| 000 | 01511nam0a2200313 4500 | ||
|---|---|---|---|
| 001 | RU\NLR\bibl\1799541 | ||
| 005 | 20250616145831.0 | ||
| 035 | _a(NLR Aleph) 001790213 | ||
| 090 |
_a1752566 _c1752566 |
||
| 100 | _a20110216d2009 |||y0rusy50 ca | ||
| 101 | 0 | _arus | |
| 102 | _aRU | ||
| 105 | _aa ||||||||| | ||
| 200 | 1 |
_aОстрый панкреатит _eучебное пособие для системы послевузовского профессионального образования _fА.И. Шугаев, И.Н. Гера, С.С. Мосоян |
|
| 210 |
_aСанкт-Петербург _cИзд-во СПбМАПО _d2009 |
||
| 215 |
_a87 с. _cил. _d21 |
||
| 225 | 1 | _aПоследипломное медицинское образование | |
| 300 | _aНа обороте тит. л. авт.: А.И. Шугаев - д.м.н., проф., И.Н. Гера - к.м.н., доц., С.С. Мосоян - к.м.н. | ||
| 320 | _aБиблиогр.: с. 85 (8 назв.) | ||
| 606 | 1 |
_aПанкреатит _jУчебные издания для последипломного образования _9923536 _3RU\NLR\auth\6620121 |
|
| 686 | _aР457.465.36я77 | ||
| 700 | 1 |
_aШугаев _bА. И. _4070 |
|
| 701 | 1 |
_aГера _bИ. Н. _gИгорь Николаевич _4070 |
|
| 701 | 1 |
_aМосоян _bС. С. _gСаркис Семенович _4070 |
|
| 801 | 0 |
_aRU _bNLR _c20110216 _gRCR |
|
| 801 | 1 |
_aRU _bNLR _c20110216 |
|
| 942 | _cBOOK | ||
| 980 | _aNB | ||